000 00970nam a22002537a 4500
001 3542
003 FISKH
005 20240318103750.0
008 240318b cb ||||| |||| 00| 0 eng d
040 _aFISK
_beng
_cFISK
_dFISK
050 _aPZ7.H231323
082 _a405
100 _aHarper Charise Mericle
_d1948-
245 _aJust grace and the terrible tutu /
_cCharise Mericle Harper
260 _aNew York :
_bHoughton Miffin Books,
_c2011
300 _a166 pages :
_billustrations,
_c20 cm
490 _aBook 7
505 _aO
520 _aEight-year-old Grace is excited to learn that her best friend, Mimi, is going to become an older sister, but when both try to be "mother's helpers" for a family renting a house on their street, little Lily likes Grace best, causing Mimi to doubt herself and Grace to form a plan to fix things.
521 8 _a820
_bLexile
700 _aCharise Mericle Harper
942 _2ddc
_cBK
_n0
999 _c3542
_d3542